00384nam a22001337a 4500020001500000082002900015100002500044245005500069250002100124260004300145300001700188526003700205650000800242 a0824715861 a624.183bSHEcL-38, P-79 aSheppard, Walter Lee aChemically resistant masonry cWalter Lee Sheppard asecond edition / aNew York :bMarcel Dekker, Inc.c1982. axv, 285 p. : a0b0c0d624_183000000000000_SHE aMCE